Riconosci il Pokémon - Quiz n°769 - Statistics

Statistiche generali
  • Questo quiz è stato fatto 4 volte
  • Il punteggio medio è 8 su 10
Statistiche sulle risposte
Indizio Riposta % Corretto
Tipo Acqua
100%
Stadio evoluzione Forma Base
100%
Generazione Terza
100%
Tasso di cattura 125 (25.7%)
67%
Peso 130,0 kg
67%
Altezza 2,0 m
67%
Sesso 50% ♂, 50% ♀
67%
Tasso di allevamento Fluttuante
67%
Abilità Idrovelo; Indifferenza; Pressione
67%
Pokémon Wailmer
67%
Nessun quiz corrispondente trovato
Distribuzione punteggi
Percentuale di utenti per punteggio
Percentile per numero di risposta
I tuoi punteggi nel tempo
Non hai fatto questo quiz